|
|
|
|
| LEADER |
01368nab#a2200457#ar4500 |
| 001 |
000116021 |
| 003 |
SVKKK |
| 005 |
20150909101109.0 |
| 008 |
150909c2010 xo |||||||||||||||b|slo |
| FMT |
|
|
|
| 015 |
|
|
|a SNBRB2015/09
|
| 038 |
|
|
|a SVKKK
|
| 040 |
|
|
|a SVKKK
|b slo
|e AACR2
|
| 041 |
0 |
|
|a slo
|b slo
|
| 044 |
|
|
|a xo
|c SK
|
| 080 |
|
|
|a 504
|2 2008
|
| 090 |
|
|
|a V.231664
|
| 245 |
1 |
0 |
|a Analytická kontrola kolobehu rizikových prvkov v životnom prostredí
|c Dagmar Remeteiová ... [et al.]
|
| 300 |
|
|
|b Obr., tab.
|
| 504 |
|
|
|a Bibliogr. odkazy
|
| 546 |
|
|
|a Res. slov.
|
| 650 |
0 |
4 |
|a životné prostredie
|
| 650 |
0 |
4 |
|a tuhé environmentálne vzorky
|
| 650 |
0 |
4 |
|a pohyblivosť
|
| 650 |
0 |
4 |
|a bioprístupnosť
|
| 650 |
0 |
4 |
|a frankcionačná analýza
|
| 650 |
0 |
4 |
|a extrakcia
|
| 700 |
1 |
|
|a Remeteiová, Dagmar
|4 aut
|
| 700 |
1 |
|
|a Rusnák, Radoslav
|4 aut
|
| 700 |
1 |
|
|a Kucanová, Eva
|4 aut
|
| 700 |
1 |
|
|a Fióová, Beáta
|4 aut
|
| 700 |
1 |
|
|a Dirner, Vojtech
|4 aut
|
| 700 |
1 |
|
|a Dorková, Marianna
|4 aut
|
| 773 |
0 |
|
|t Využitie experimentálnych metód pri ochrane a podpore zdravia obyvateľstva. II. vedecká konferencia: zborník príspevkov
|d Košice : Univerzita Pavla Jozefa Šafárika v Košiciach, 2010
|g S. 220-225
|z 9788070978467
|
| 958 |
|
|
|a NB
|
| 974 |
|
|
|a Va
|
| 992 |
|
|
|a RZB
|
| BAS |
|
|
|
| 852 |
|
|
|a SVKKK
|b BIB
|
| EXP |
|
|
|
| 998 |
|
|
|a GEO
|